Statistics for 50 German/Austrian/Swiss Musical Acts by Songs

Click here to take the quiz!

General Stats

  • This quiz has been taken 96 times
  • The average score is 16 of 51

Answer Stats

SongsArtist/Band% Correct
99 Luftballons / 99 Red Balloons, Nur geträumt / Just A Dream,
Irgendwie, Irgendwo, Irgendwann / Anyplace, Anywhere, Anytime
Nena
89%
Rock Me Amadeus, Der Kommissar, Vienna CallingFalco
83%
Wind Of Change, Rock You Like A Hurricane, Still Loving YouScorpions
78%
Du hast, Sonne, Ich willRammstein
76%
Satellite, Better, Wild & FreeLena Meyer-Landrut
64%
Forever Young, Big In Japan, Sounds Like A MelodyAlphaville
62%
Mambo No. 5, Sweet Like Cola, I Got A GirlLou Bega
62%
Hier kommt Alex (The Return Of Alex), Tage wie diese, Zehn kleine JägermeisterDie Toten Hosen
58%
Au Revoir, Wir sind groß, ChöreMark Forster
58%
True Romance, Schrei nach Liebe, JungeDie Ärzte
55%
Tausend Tattoos, Astronaut, Bilder im KopfSido
55%
The Model, Autobahn, The RobotsKraftwerk
54%
Hey Baby (Uhh, Ahh), Sweet Caroline, Ein Stern (… der deinen Namen trägt)DJ Ötzi
53%
Brother Louie, You’re My Heart, You’re My Soul, Cheri Cheri LadyModern Talking
51%
Everytime We Touch, Evacuate The Dancefloor, MiracleCascada
47%
Moskau (Moscow), Dschinghis Khan, LoreleyDschinghis Khan
47%
Griechischer Wein, Ich war noch niemals in New York, Aber bitte mit SahneUdo Jürgens
47%
Stolen Dance, Cocoon, Flashed Junk MindMilky Chance
45%
Ding / Thing, Augenbling / Blink Blink, TicketSeeed
45%
How Much Is The Fish?, Nessaja, Ramp! (The Logical Song)Scooter
43%
Major Tom (Coming Home), Terra Titanic, The Different Story (World Of Lust And Crime)Peter Schilling
39%
Everybody, Somebody Dance With Me, FreedomDJ BoBo
38%
Bounce, Vincent, Let’s Get Back to Bed – Boy!Sarah Connor
38%
Sugar, Sun Goes Down, SpeechlessRobin Schulz
37%
Ain't Nobody (Loves Me Better), Book Of Love, Close Your EyesFelix Jaehn
36%
Live Is Life, Flyin High, WhitelandOpus
33%
Welcome To St. Tropez, Ma Chérie, Bella VitaDJ Antoine
30%
Narcotic, Play Some Rock, Ordinary LifeLiquido
29%
Ba-Ba-Banküberfall (Ba-Ba-Bankrobbery), Fata Morgana, Ding DongEAV
26%
Engel fliegen einsam, Millionen Lichter, Nie genugChristina Stürmer
25%
Axel F, Top Gun Anthem, MemoriesHarold Faltermeyer
17%
Oh Yeah, The Race, The Rhythm DivineYello
17%
Open Your Eyes, Lords Of The Boards, You Can't Stop MeGuano Apes
13%
Vitamin C, She Brings The Rain, I Want MoreCan
12%
Kernkraft 400, Momplays, TryoutsZombie Nation
12%
Sonnentanz - Sun Don't Shine, Netzwerk (Falls Like Rain), MemoriesKlangkarussell
11%
2012 (If The World Would End), Anubis, InsomniaMike Candys
8%
All Night, Booty Swing, CatgrooveParov Stelar
7%
Build A House, In The End, My Man Is A Mean ManStefanie Heinzmann
7%
Balls To The Wall, Fast As A Shark, Princess Of The DawnAccept
5%
Do It All Night, Tropicali, Rock To The BeatDarius & Finlay
5%
I Want Out, Dr. Stein, Eagle Fly FreeHelloween
5%
The Captain Of Her Heart, Devils Ball, Woman Of The WorldDouble
3%
Superior, Intoxication, DevamGentleman
3%
Déjeuner en paix, Pas d’ami (comme toi), Tu ne me dois rienStephan Eicher
3%
Love On A Real Train, Cloudburst Flight, Towards The Evening StarTangerine Dream
3%
Screaming In The Night, Midnite Maniac / Ready to Rock, Hoodoo WomanKrokus
1%
When Angels Smile, Children Of Hope, ...White ShadowBack To Earth
0%
All Fall Down, Loving You Is Easy, Watch It BurnCamo & Krooked
0%
Heaven, Anytime Anywhere, Lift U UpGotthard
0%
No Superstar, L.I.F.E., Plata O PlomoRemady
0%

Score Distribution

Percentile by Number Answered

Percent of People with Each Score

Your Score History

You have not taken this quiz